000
00300nam a2200121Ia 4500
008
191201s2013 xx 000 0 und d
082
_a
006.7,4
_b
WEH
100
_a
WILLARD, Wendy
245
0
_a
HTML A Beginners Guide
250
_a
Rep
260
_c
2013
_b
Tata mc Graw Hill
_a
NEW DELHI
942
_2
ddc
_c
BK
999
_c
7959
_d
7959